000 nam a22 7a 4500
999 _c51619
_d51619
003 OSt
005 20220412125951.0
008 220412b xxu||||| |||| 00| 0 eng d
040 _cSEROSOFT
100 _aBARE ACT
245 _a THE PREVENTION OF MONEY LAUNDRING ACT
260 _aALP
_bALP
300 _a54
942 _2ddc
_c01